| 000 | 00402cam a2200157ua 4500 | ||
|---|---|---|---|
| 041 |
_aeng _h |
||
| 082 |
_a306 _bMUL/TH |
||
| 100 | _aMulkraj, Anand . | ||
| 245 |
_aThere a contemporary Indian civilisation / _cAnand mulkraj. _hTextual Documents |
||
| 250 |
_a1 / _b. |
||
| 260 |
_aMumbai : _bAsia Publishing House , _c1963. |
||
| 300 | _a207 ; . | ||
| 504 | _a | ||
| 942 | _cBK | ||
| 999 |
_c3545 _d3545 |
||